Pakistan statistical year book (Record no. 17837)
[ view plain ]
| 000 -LEADER | |
|---|---|
| fixed length control field | 00853nam a22001697a 4500 |
| 005 - DATE AND TIME OF LATEST TRANSACTION | |
| control field | 20200813100259.0 |
| 008 - FIXED-LENGTH DATA ELEMENTS--GENERAL INFORMATION | |
| fixed length control field | 190116b ||||| |||| 00| 0 eng d |
| 040 ## - CATALOGING SOURCE | |
| Transcribing agency | PK-IsLIS |
| 082 ## - DEWEY DECIMAL CLASSIFICATION NUMBER | |
| Classification number | 050 |
| Item number | Y395 |
| 110 ## - MAIN ENTRY--CORPORATE NAME | |
| Corporate name or jurisdiction name as entry element | Statistics Division |
| 245 ## - TITLE STATEMENT | |
| Title | Pakistan statistical year book |
| 260 ## - PUBLICATION, DISTRIBUTION, ETC. (IMPRINT) | |
| Place of publication, distribution, etc | Islamabad : |
| Name of publisher, distributor, etc | Statistics Division, Government of Pakistan, |
| Date of publication, distribution, etc | 2008 |
| 300 ## - PHYSICAL DESCRIPTION | |
| Extent | 524 p. |
| 650 ## - SUBJECT ADDED ENTRY--TOPICAL TERM | |
| Topical term or geographic name as entry element | Generalities-Yearbook-Continuing resources |
| 942 ## - ADDED ENTRY ELEMENTS (KOHA) | |
| Koha item type | Books |
| 505 0# - FORMATTED CONTENTS NOTE | |
| Formatted contents note | agriculture;<br/>balance of payments;<br/>climate;<br/>cooperative;<br/>development and planning;<br/>education;<br/>energy and mining;<br/>foreign economic assistance;<br/>foreign trade;<br/>health;<br/>insurance and joint stock companies / capital markets;<br/>labour;<br/>manufacturing;<br/>money and credit;<br/>national accounts;<br/>population;<br/>prices;<br/>public finance;<br/>social and culture;<br/>transport and communications<br/> |
| Withdrawn status | Damaged status | Not for loan | Home library | Current library | Date acquired | Source of acquisition | Full call number | Barcode | Date last seen | Price effective from | Koha item type |
|---|---|---|---|---|---|---|---|---|---|---|---|
| UE-Central Library | UE-Central Library | 16.01.2019 | U.E.16034 | 050 Y395 | T4017D | 16.01.2019 | 16.01.2019 | Books |
